| 000 | 01024nam0a22002411 4500 | ||
|---|---|---|---|
| 001 | rc\4939692 | ||
| 005 | 20130426161038.4 | ||
| 035 | _a(NLR Aleph) 008851101 | ||
| 090 |
_a8400981 _c8400981 |
||
| 100 | _a20130426d1964 |||y0rusy50 ca | ||
| 101 | 0 | _arus | |
| 102 | _aRU | ||
| 105 | _aa z ||||| | ||
| 200 | 1 |
_aГидротранспорт для удаления производственных отходов _fГос. Ком. Совета Министров РСФСР по координации науч.-исслед. работ. Гос. Науч.-исслед. ин-т науч. и техн. информации |
|
| 210 |
_aМосква _cБ. и. _d1964 |
||
| 215 |
_a7 с. _cчерт. _d14 |
||
| 225 | 1 |
_aПередовой научно-технический и производственный опыт _v№ 27-64-931/98 |
|
| 700 | 1 |
_aЭмельдеш _bФ. С. _gФедор Самойлович |
|
| 801 | 0 |
_aRU _bNLR _gpsbo |
|
| 801 | 1 |
_aRU _bELAR _2rusmarc |
|
| 852 |
_aNLR _jП11/2295 |
||
| 942 | _cBOOK | ||
| 980 | _aNB | ||